Počúvajte svoju pleť

Dynamický vývoj a súčasné trendy pleťovej kozmetiky. Najobľúbenejšie značky prípravkov starostlivosti o pleť. Sezónnosť a marketingová podpora. Ako spotrebiteľ nakupuje pleťovú kozmetiku. Odborná pripravenosť personálu pri predaji pleťovej kozmetiky. Nedostatky pri merchandisingu.

Saved in:
Bibliographic Details
Main Author: Košťál, Daniel
Format: Book Chapter
Language:Slovak
Subjects:
Tags: Add Tag
No Tags, Be the first to tag this record!

MARC

LEADER 00000naa a2200000 4500
001 r048963
005 20231004094358.4
041 0 |a slo 
044 |a SK 
245 1 0 |a Počúvajte svoju pleť  |c Daniel Košťál 
520 |a Dynamický vývoj a súčasné trendy pleťovej kozmetiky. Najobľúbenejšie značky prípravkov starostlivosti o pleť. Sezónnosť a marketingová podpora. Ako spotrebiteľ nakupuje pleťovú kozmetiku. Odborná pripravenosť personálu pri predaji pleťovej kozmetiky. Nedostatky pri merchandisingu. 
610 2 0 |a kozmetika 
610 2 0 |a prieskum trhu 
610 2 0 |a značky výrobkov 
610 2 0 |a spotrebitelia 
610 2 0 |a podpora predaja 
610 2 0 |a predaj 
100 1 |a Košťál, Daniel